000 00458nam a2200181Ia 4500
001 960
005 20260306140556.0
008 260306t2013||||xx |||||||||||||| ||spa||
041 _aESP
082 _a174.4
_bS21
100 _aSandel, Michael J.
_eAUT
245 0 _aLo que el dinero no puede comprar:
_blos límites morales del mercado
260 _c2013
300 _a253 páginas :
_c23 cm.
650 _aGEN
654 _aCHU
942 _cLIB
_dJUS
_fJUS
_2ddc
_n
999 _c960
_d960